Productivity and technical change
保存先:
| 第一著者: | |
|---|---|
| フォーマット: | 図書 |
| 言語: | Undetermined |
| 出版事項: |
Cambridge
Cambridge University Press
1969
|
| 主題: | |
| タグ: |
タグ追加
タグなし, このレコードへの初めてのタグを付けませんか!
|
| Thư viện lưu trữ: | Trung tâm Học liệu Trường Đại học Cần Thơ |
|---|
| LEADER | 00513nam a2200181Ia 4500 | ||
|---|---|---|---|
| 001 | CTU_86181 | ||
| 008 | 210402s9999 xx 000 0 und d | ||
| 082 | |a 338.01 | ||
| 082 | |b S177 | ||
| 100 | |a Salter, W. E. G. | ||
| 245 | 0 | |a Productivity and technical change | |
| 245 | 0 | |c W. E. G. Salter | |
| 260 | |a Cambridge | ||
| 260 | |b Cambridge University Press | ||
| 260 | |c 1969 | ||
| 650 | |a Labor productivity,Technology innovations | ||
| 904 | |i Năm | ||
| 980 | |a Trung tâm Học liệu Trường Đại học Cần Thơ | ||